| 000 | 00675nam a2200217Ia 4500 | ||
|---|---|---|---|
| 008 | 191130s1999##################000#0#eng## | ||
| 020 | _a9780520219465 | ||
| 022 | _a99461792 | ||
| 040 |
_aACL _cACL |
||
| 082 | _a330 FIN | ||
| 100 | _aFinley, M. I | ||
| 245 |
_aThe ancient economy _cby M. I. Finley ; with a foreword by Ian Morris |
||
| 250 | _aUpdated ed | ||
| 260 |
_aBerkeley _bUniversity of California Press _c1999 |
||
| 300 | _axxxvi, 262 p. : map ; 23 cm | ||
| 500 | _aIncludes bibliographical references (p. [211]-254) and index | ||
| 650 | _aEconomic history - To 500 | ||
| 990 | _a39e685eaac10000c561029f89452584a | ||
| 991 | _a24599 | ||
| 999 |
_c300959 _d300959 |
||